(Pensamiento), (palabra) y obra

Es una publicación semestral de la Facultad de Bellas Artes de la Universidad Pedagógica Nacional y se constituye como un espacio abierto a la discusión entre pares nacionales e internacionales sobre múltiples relaciones que se pueden establecer entre el arte, la estética, la educación artística y l...

ver descrição completa

Na minha lista:
Detalhes bibliográficos
Autor Corporativo: Universidad Pedagógica Nacional Facultad de Artes
Formato: Periódico
Idioma:Spanish
English
Portuguese
Publicado em: Bogotá : Universidad Pedagógica Nacional, 2010 -
Assuntos:
Acesso em linha:Enlace del recurso
Tags: Adicionar Tag
Sem tags, seja o primeiro a adicionar uma tag!

MARC

LEADER 00000nas a2200000 a 4500
001 001688
003 OSt
005 20191206150958.0
008 191027b2010 ck r|p l0 0 spa d
999 |c 6582  |d 6582 
022 |a 2011-804X 
040 |b spa  |c CNA-IDEP 
041 |a spa  |a eng  |a por 
090 |a Pen.Pal  
110 2 |a Universidad Pedagógica Nacional   |b Facultad de Artes   |9 9893 
222 |a (Pensamiento), (palabra) y obra 
245 1 0 |a (Pensamiento), (palabra) y obra   |c Universidad Pedagógica Nacional   |h [Revista] 
260 |a Bogotá :  |b Universidad Pedagógica Nacional,  |c 2010 - 
270 |a calle 78 n° 9-92  |b Bogotá  |d Colombia  |k 3475962  |m mgonzalez@pedagogica.edu.co 
300 |a n.:  |b il,;  |c 30 cm 
310 |a Semestral 
362 |a 2010  
500 |a Descripción basada en: No. (Año 2010) 
520 3 |a Es una publicación semestral de la Facultad de Bellas Artes de la Universidad Pedagógica Nacional y se constituye como un espacio abierto a la discusión entre pares nacionales e internacionales sobre múltiples relaciones que se pueden establecer entre el arte, la estética, la educación artística y la pedagogía. Está dirigida a estudiantes, profesores, artistas, investigadores y diseñadores de políticas culturales. El Arte aquí es pensado como la fuerza arrasadora de la experiencia y la práctica, y no se reduce a lo bello y sublime; la pedagogía a su vez, amplía su espectro de acción más allá del aula de clase para instalarse en la urbe, con todo lo que puede suponer hacer pedagogía en la ciudad, en los imaginarios de ciudad y en todos los escenarios en los que discurre arte y educación. 
650 1 7 |2 Unesco  |a Educación  |v Publicación Seriada   |9 15438 
650 1 7 |2 Unesco  |a Arte  |v Publicación Seriada   |9 15439 
650 1 7 |2 Unesco  |a Política educacional   |v Publicación Seriada   |9 15440 
942 |2 LOC  |c CR 
856 |u https://catalogo.idep.edu.co/cgi-bin/koha/opac-detail.pl?biblionumber=6582  |z Enlace del recurso